<?xml version="1.0" encoding="UTF-8"?>
<record
    xmlns:xsi="http://www.w3.org/2001/XMLSchema-instance"
    xsi:schemaLocation="http://www.loc.gov/MARC21/slim http://www.loc.gov/standards/marcxml/schema/MARC21slim.xsd"
    xmlns="http://www.loc.gov/MARC21/slim">

  <leader>01073na  a2200313   4500</leader>
  <controlfield tag="001">13699</controlfield>
  <controlfield tag="003">MIRAKIL</controlfield>
  <controlfield tag="005">20181213154921.0</controlfield>
  <controlfield tag="008">160919b        tu            000 0      </controlfield>
  <datafield tag="020" ind1=" " ind2=" ">
    <subfield code="a">9786051496382</subfield>
  </datafield>
  <datafield tag="035" ind1=" " ind2=" ">
    <subfield code="a">13699</subfield>
  </datafield>
  <datafield tag="040" ind1=" " ind2=" ">
    <subfield code="a">Milas</subfield>
    <subfield code="b">tur</subfield>
    <subfield code="c">TR-AnCHP</subfield>
  </datafield>
  <datafield tag="082" ind1=" " ind2=" ">
    <subfield code="a">915.6638</subfield>
    <subfield code="b">S26v 2014</subfield>
  </datafield>
  <datafield tag="090" ind1=" " ind2=" ">
    <subfield code="a">915.6638 S26v 2014</subfield>
  </datafield>
  <datafield tag="100" ind1=" " ind2=" ">
    <subfield code="a">Sar&#x131;ca, Bedri</subfield>
  </datafield>
  <datafield tag="245" ind1=" " ind2=" ">
    <subfield code="a">Van 2014 k&#xFC;lt&#xFC;r ve turizm envanteri III</subfield>
    <subfield code="b">Halk k&#xFC;lt&#xFC;r&#xFC; -1 (Dil ve anlat&#x131;m - Halk edebiyat&#x131; - M&#xFC;zik K&#xFC;lt&#xFC;r&#xFC;)</subfield>
    <subfield code="c">Bedri Sar&#x131;ca, Abdusselam Arvas, Y&#x131;lmaz &#xD6;nay, M.Murat Oto</subfield>
  </datafield>
  <datafield tag="246" ind1=" " ind2=" ">
    <subfield code="a">Halk k&#xFC;lt&#xFC;r&#xFC; -1 (Dil ve anlat&#x131;m - Halk edebiyat&#x131; - M&#xFC;zik K&#xFC;lt&#xFC;r&#xFC;</subfield>
  </datafield>
  <datafield tag="260" ind1=" " ind2=" ">
    <subfield code="a">G&#xFC;ndo&#x11F;u Ofset</subfield>
    <subfield code="b">K&#xFC;lt&#xFC;r ve Turizm Bakanl&#x131;&#x11F;&#x131;</subfield>
    <subfield code="c">2014</subfield>
  </datafield>
  <datafield tag="300" ind1=" " ind2=" ">
    <subfield code="a">372 s.</subfield>
    <subfield code="b">tbl., grf.; res.</subfield>
    <subfield code="c">30 sm.</subfield>
  </datafield>
  <datafield tag="504" ind1=" " ind2=" ">
    <subfield code="a">Kaynak&#xE7;a var.</subfield>
  </datafield>
  <datafield tag="651" ind1=" " ind2=" ">
    <subfield code="a">Van</subfield>
    <subfield code="x">K&#xFC;lt&#xFC;r</subfield>
    <subfield code="y">Kay&#x131;tlar</subfield>
  </datafield>
  <datafield tag="651" ind1=" " ind2=" ">
    <subfield code="a">Van</subfield>
    <subfield code="x">Halk edebiyat&#x131;</subfield>
  </datafield>
  <datafield tag="651" ind1=" " ind2=" ">
    <subfield code="a">Van</subfield>
    <subfield code="x">Turizm</subfield>
    <subfield code="y">Kay&#x131;tlar</subfield>
  </datafield>
  <datafield tag="651" ind1=" " ind2=" ">
    <subfield code="a">Van</subfield>
    <subfield code="x">Halk k&#xFC;lt&#xFC;r&#xFC;</subfield>
  </datafield>
  <datafield tag="700" ind1=" " ind2=" ">
    <subfield code="a">Oto, M.Murat</subfield>
  </datafield>
  <datafield tag="700" ind1=" " ind2=" ">
    <subfield code="a">&#xD6;nay, Y&#x131;lmaz</subfield>
  </datafield>
  <datafield tag="700" ind1=" " ind2=" ">
    <subfield code="a">Arvas, Abdusselam</subfield>
  </datafield>
  <datafield tag="942" ind1=" " ind2=" ">
    <subfield code="2">ddc</subfield>
    <subfield code="c">BKS</subfield>
  </datafield>
  <datafield tag="952" ind1=" " ind2=" ">
    <subfield code="a">0001</subfield>
    <subfield code="b">0001</subfield>
    <subfield code="d">2016-08-16</subfield>
    <subfield code="e">2</subfield>
    <subfield code="l">0</subfield>
    <subfield code="o">915.6638 S26v 2014</subfield>
    <subfield code="p">001275</subfield>
    <subfield code="r">2016-08-16 00:00:00</subfield>
    <subfield code="v">0.00</subfield>
    <subfield code="w">2016-08-16</subfield>
    <subfield code="y">BKS</subfield>
  </datafield>
  <datafield tag="999" ind1=" " ind2=" ">
    <subfield code="c">3114</subfield>
    <subfield code="d">3114</subfield>
  </datafield>
</record>
